000 00646nam a2200265 a 4500
003 AR-BaBNM
005 20251128204543.0
008 082120s2002 ||||||||||||||000 | spa||
020 _a950-05-0718-8
040 _cAR-BaBNM
100 1 _aRojas, Ricardo
245 0 0 _aEl Santo de la Espada
_bvida de San Martín
250 _a2ª ed.
260 _aBuenos Aires
_bEdiciones Corregidor
_c1997
300 _a441 p.
_bil.
650 4 _aBIOGRAFIAS
650 4 _aHISTORIA
650 4 _aGUERRAS DE LA INDEPENDENCIA
651 4 _aPerú
651 4 _aChile
651 4 _aArgentina
655 _aBIOGRAFIAS
942 _cBK
998 _cMariana
999 _c7904
_d7904